Je tu šanca zvýšiť objem zahraničných investícií a získať moderné technológie, hovorí predstaviteľ SNAZIR

Gespeichert in:
Bibliographische Detailangaben
1. Verfasser: Čerňák, Jozef, 1963-
Format: Buchkapitel
Sprache:Slowakisch
Tags: Tag hinzufügen
Keine Tags, Fügen Sie das erste Tag hinzu!

MARC

LEADER 00000naa a2200000 4500
001 0295668
005 20240417075244.4
041 0 |a slo 
044 |a SK 
245 1 0 |a Je tu šanca zvýšiť objem zahraničných investícií a získať moderné technológie, hovorí predstaviteľ SNAZIR  |c Jozef Čerňák 
100 1 |a Čerňák, Jozef, 1963-